000
00235nam a22000857a 4500
999
_c
11546
_d
11546
008
190618b ||||| |||| 00| 0 eng d
100
_a
Meyer .J
_9
5958
245
_a
Secrets to Exceptional Living
260
_a
okilahoma
_b
Harrison house
_c
1987